00970nam a2200289 i 4500001000300000100002700003245007000030260004600100300002800146490002500174600004800199650004300247700002700290830002100317020001800338020001500356040000800371041001300379080002600392920002200418920001800440942000700458008004100465999001700506856009800523952005900621bg1 aFregolent, Alessandra.0 aGiorgione /c[tekst Alessandra Fregolent ; Małgorzata Surowiak]. aWarszawa :bRzeczpospolita ;bHPS,c2006. a143 s. :bil. ;c26 cm.1 aKlasycy Sztuki ;v290 aGiorgioned(ca 1478-1510)xtwórczość. 0aMalarstwo włoskiexhistoriay15-16 w.01aSurowiak, Hanna.eTł. aKlasycy Sztuki ; a9788360688038 a8360688036 cBPK1 apolhita a75.071(450)"14/15"A/Z a978-83-60688-03-8 a83-60688-03-6 cKS s pl f |000 0 pol  c53746d53746 uhttp://koha.tu.koszalin.pl/cgi-bin/koha/opac-detail.pl?biblionumber=53746yKatalog online BPK 00104071aELBUDbELBUDcbo84546p02373829t75 MyKS